Исследование жесткости станочных приспособлений: автореферат диссертации на соискание ученой степени кандидата технических наук

Xehetasun bibliografikoak
Egile nagusia: Абдель Аал М. М.
Erakunde egilea: Московское высшее техническое училище им. Н. Э. Баумана (МВТУ)
Beste egile batzuk: Корсаков В. С. (научный руководитель)
Hizkuntza:errusiera
Argitaratua: Москва, [Б. и.], 1963
Gaiak:
Formatua: MixedMaterials Liburua
KOHA link:https://koha.lib.tpu.ru/cgi-bin/koha/opac-detail.pl?biblionumber=348436

MARC

LEADER 00000nam0a2200000 4500
001 348436
005 20231102010116.0
035 |a (RuTPU)RU\TPU\retro\103 
090 |a 348436 
100 |a 20180219d1963 k y0rusy50 ca 
101 0 |a rus 
102 |a RU 
105 |a y dm 000zy 
200 1 |a Исследование жесткости станочных приспособлений  |e автореферат диссертации на соискание ученой степени кандидата технических наук  |f М. М. Абдель Аал  |g Московское высшее техническое училище им. Н. Э. Баумана (МВТУ) ; науч. рук. В. С. Корсаков 
210 |a Москва  |c [Б. и.]  |d 1963 
215 |a 18 с. 
606 1 |a Станочные приспособления  |2 stltpush  |3 (RuTPU)RU\TPU\subj\73093  |9 86301 
610 1 |a жесткость 
610 1 |a заготовки 
610 1 |a базовые поверхности 
610 1 |a опоры 
610 1 |a сопряжения 
610 1 |a элементы 
610 1 |a стыки 
610 1 |a узлы 
610 1 |a авторефераты диссертаций 
675 |a 621.9.06-229.3(04)  |v 4 
700 1 |a Абдель Аал  |b М. М. 
702 1 |a Корсаков  |b В. С.  |4 727 
712 0 2 |a Московское высшее техническое училище им. Н. Э. Баумана (МВТУ)  |c (1943-1989)  |2 stltpush  |3 (RuTPU)RU\TPU\col\3064 
801 1 |a RU  |b 63413507  |c 20180219 
801 2 |a RU  |b 63413507  |c 20220804  |g RCR 
942 |c BK